[Event "SV Bergneustadt/Derschlag 1 - Godesberg"]
[Site "NRW-Liga - Gruppe 1 2019/2020"]
[Date "2020.03.08"]
[Round "7.3"]
[White "Grabowski, Pawel"]
[Black "Stuemer, Paul"]
[Result "1-0"]
[WhiteElo "2280"]
[BlackElo "2030"]
[PlyCount "137"]
[EventDate "2020.??.??"]
[SourceVersionDate "2020.03.16"]
[WhiteTeam "Godesberger SK 1"]
[BlackTeam "SV Bergneustadt/Derschlag 1"]

1. Nf3 Nf6 2. b3 d6 3. Bb2 e5 4. d3 Be7 5. g3 O-O 6. Bg2 Nc6 7. O-O Ne8 8. Nc3
f5 9. Nd5 Be6 10. Nxe7+ Qxe7 11. d4 Bf7 12. Nh4 g6 13. Bxc6 bxc6 14. dxe5 c5
15. Qd2 d5 16. Nf3 c6 17. Qh6 Be6 18. Ng5 f4 19. Ba3 Rf5 20. h4 Qg7 21. Qxg7+
Nxg7 22. Bxc5 Bc8 23. Nf3 Ne6 24. Bd6 fxg3 25. fxg3 Ba6 26. Rae1 Rd8 27. c3 Rd7
28. Nd4 Nxd4 29. cxd4 Rxf1+ 30. Kxf1 Kf7 31. Rc1 Bb7 32. Kf2 Ke6 33. Ke3 Rf7
34. g4 Kd7 35. Bc5 a6 36. Rh1 Ke6 37. Bb4 Kd7 38. Rc1 Ke6 39. Bd2 Kd7 40. b4
Kc7 41. a4 Kb6 42. a5+ Kc7 43. Rg1 Bc8 44. Be1 Be6 45. Bg3 Kd7 46. Bf4 Ke8 47.
Rc1 Kd7 48. Kf3 Rf8 49. Kg3 Rb8 50. Bd2 Rf8 51. Bh6 Rf7 52. Bg5 Kc7 53. h5 gxh5
54. gxh5 Rg7 55. Kf4 Rf7+ 56. Bf6 Rf8 57. Kg5 Rf7 58. Kh6 Kd7 59. Rg1 Kc7 60.
Rg8 Bf5 61. Ra8 Kb7 62. Rd8 Kc7 63. Ra8 Kb7 64. Rh8 Kc7 65. Kg5 Be6 66. Kh6 Bf5
67. Bg7 Bg4 68. Rxh7 Bxe2 69. e6 1-0

[Event "SV Bergneustadt/Derschlag 1 - Godesberg"]
[Site "NRW-Liga - Gruppe 1 2019/2020"]
[Date "2020.03.08"]
[Round "7.4"]
[White "Wang, Andre"]
[Black "Kutzner, Stephen"]
[Result "0-1"]
[WhiteElo "1992"]
[BlackElo "2152"]
[PlyCount "60"]
[EventDate "2020.??.??"]
[SourceVersionDate "2020.03.16"]
[WhiteTeam "SV Bergneustadt/Derschlag 1"]
[BlackTeam "Godesberger SK 1"]

1. d4 Nf6 2. Nf3 g6 3. c4 Bg7 4. Nc3 d5 5. cxd5 Nxd5 6. e4 Nxc3 7. bxc3 c5 8.
Be2 Nc6 9. e5 O-O 10. O-O Bg4 11. h3 Bf5 12. Ba3 Qa5 13. Qb3 cxd4 14. cxd4 Be4
15. Bb2 Rac8 16. Bc3 Qc7 17. Rac1 Bh6 18. Nd2 Bxd2 19. Bxd2 Qd7 20. Bg4 e6 21.
Be3 h5 22. Bd1 Nxd4 23. Qb4 Rxc1 24. Bxc1 a5 25. Qxa5 Bxg2 26. Ba4 Bc6 27. Bxc6
Qxc6 28. Kh2 Nf3+ 29. Kg3 Qe4 30. h4 Qg4# 0-1

[Event "SV Bergneustadt/Derschlag 1 - Godesberg"]
[Site "NRW-Liga - Gruppe 1 2019/2020"]
[Date "2020.03.08"]
[Round "7.5"]
[White "Schulte-Geers, Niklas"]
[Black "Michalik, Friedhelm"]
[Result "1-0"]
[WhiteElo "2118"]
[BlackElo "2013"]
[PlyCount "89"]
[EventDate "2020.??.??"]
[SourceVersionDate "2020.03.16"]
[WhiteTeam "Godesberger SK 1"]
[BlackTeam "SV Bergneustadt/Derschlag 1"]

1. d4 Nf6 2. c4 g6 3. Nc3 Bg7 4. e4 d6 5. Nf3 O-O 6. h3 e5 7. d5 Nh5 8. g3 Qe8
9. Be2 f5 10. exf5 gxf5 11. Nh4 Nf6 12. Qc2 e4 13. Be3 a6 14. O-O-O b5 15. cxb5
axb5 16. Nxb5 Na6 17. a3 Bd7 18. Qc4 Qe5 19. Bd4 Qe7 20. Bc3 Nc5 21. Nd4 Ne8
22. Ng2 Ra4 23. b4 Kh8 24. Kb2 Be5 25. Rhe1 Ng7 26. f4 exf3 27. Bxf3 Qf6 28.
Nc2 Re8 29. Rxe5 Rxe5 30. Re1 Ne4 31. Bxe4 fxe4 32. Qxc7 Qe7 33. Bxe5 Qxe5+ 34.
Qc3 Qxc3+ 35. Kxc3 Bxh3 36. Nf4 Bf5 37. b5 Bd7 38. b6 Bc8 39. Rb1 Bb7 40. Rb4
Rxb4 41. Nxb4 Nf5 42. a4 Ne7 43. a5 Nc8 44. Ne6 Kg8 45. Kd4 1-0

[Event "SV Bergneustadt/Derschlag 1 - Godesberg"]
[Site "NRW-Liga - Gruppe 1 2019/2020"]
[Date "2020.03.08"]
[Round "7.6"]
[White "Linnenborn, Guido"]
[Black "Stenzel, Thomas"]
[Result "1/2-1/2"]
[WhiteElo "1860"]
[BlackElo "2089"]
[PlyCount "67"]
[EventDate "2020.??.??"]
[SourceVersionDate "2020.03.16"]
[WhiteTeam "SV Bergneustadt/Derschlag 1"]
[BlackTeam "Godesberger SK 1"]

1. c4 Nf6 2. Nc3 g6 3. Nf3 Bg7 4. g3 d6 5. Bg2 O-O 6. O-O c6 7. d3 Qa5 8. Qd2
Qh5 9. Qg5 Na6 10. Rb1 h6 11. Qxh5 Nxh5 12. Bd2 Bd7 13. b4 Rab8 14. Rfc1 Rfe8
15. Nd1 e5 16. Ne1 f5 17. Bc3 Nf6 18. e3 Nc7 19. a4 d5 20. b5 e4 21. Ba1 Ne6
22. Be5 Rbc8 23. dxe4 dxe4 24. Nc3 Ng5 25. Bd4 c5 26. Bxf6 Bxf6 27. Nd5 Bg7 28.
Rd1 Rcd8 29. Rd2 Be6 30. Rbd1 Nf7 31. Bf1 Be5 32. f3 Kg7 33. Nf4 Bc8 34. Nd5
1/2-1/2

[Event "SV Bergneustadt/Derschlag 1 - Godesberg"]
[Site "NRW-Liga - Gruppe 1 2019/2020"]
[Date "2020.03.08"]
[Round "7.7"]
[White "Wecker, Martin"]
[Black "Blab, Ludwig"]
[Result "1-0"]
[WhiteElo "2139"]
[BlackElo "1923"]
[PlyCount "127"]
[EventDate "2020.??.??"]
[SourceVersionDate "2020.03.16"]
[WhiteTeam "Godesberger SK 1"]
[BlackTeam "SV Bergneustadt/Derschlag 1"]

1. Nf3 d5 2. c4 e6 3. g3 Nf6 4. Bg2 Nbd7 5. O-O Be7 6. d4 O-O 7. Qc2 dxc4 8.
Nbd2 Nb6 9. Nxc4 Nxc4 10. Qxc4 c6 11. Ne5 Bd6 12. b3 Nd5 13. Bb2 Bd7 14. e4 Nb6
15. Qe2 Bxe5 16. dxe5 c5 17. Rac1 Qc7 18. Rc2 Rac8 19. Rfc1 Rfd8 20. Bf1 a6 21.
Qe3 Bc6 22. f4 Nd7 23. Rd2 a5 24. a4 b6 25. Rcd1 Qb7 26. Bb5 Bxb5 27. axb5 Kf8
28. Rd6 Ke8 29. f5 Nf8 30. Qg5 Rxd6 31. exd6 f6 32. Qh5+ g6 33. fxg6 hxg6 34.
Qh8 Rd8 35. Qxf6 Qf7 36. Qxf7+ Kxf7 37. Rf1+ Kg8 38. Bf6 Rc8 39. Be7 Nd7 40.
Rc1 e5 41. h4 Kf7 42. Kg2 Ke6 43. Kf3 Rg8 44. Ke3 Rg7 45. g4 Rf7 46. h5 gxh5
47. gxh5 Rh7 48. Rh1 Nf6 49. Bd8 Nd7 50. Bc7 Rh6 51. Kd3 Kf6 52. Kc4 Ke6 53.
Rh4 Nf6 54. Bxb6 Kxd6 55. Bxc5+ Kd7 56. Be3 Rh8 57. h6 Rc8+ 58. Kd3 Rb8 59. h7
Rh8 60. Bg5 Ne8 61. Rh6 Kc7 62. Bh4 Kd7 63. b6 Kc8 64. Kc4 1-0

[Event "SV Bergneustadt/Derschlag 1 - Godesberg"]
[Site "NRW-Liga - Gruppe 1 2019/2020"]
[Date "2020.03.08"]
[Round "7.8"]
[White "Schinkowski, Thomas"]
[Black "Mittmann, Johannes"]
[Result "0-1"]
[WhiteElo "1727"]
[BlackElo "2072"]
[PlyCount "70"]
[EventDate "2020.??.??"]
[SourceVersionDate "2020.03.16"]
[WhiteTeam "SV Bergneustadt/Derschlag 1"]
[BlackTeam "Godesberger SK 1"]

1. d4 d5 2. Bf4 Nf6 3. e3 c5 4. c3 Qb6 5. Qb3 c4 6. Qc2 g6 7. Nd2 Bf5 8. Qc1
Bg7 9. Ngf3 Nbd7 10. b3 cxb3 11. axb3 O-O 12. Ne5 Rfe8 13. Bd3 Nxe5 14. Bxf5
Nc6 15. Bd3 e5 16. Bxe5 Nxe5 17. dxe5 Ng4 18. Nf3 Nxe5 19. Nxe5 Bxe5 20. O-O
Rac8 21. Qd1 Rxc3 22. Rb1 d4 23. e4 Qc7 24. g3 Bg7 25. Kh1 Qc6 26. Kg1 a6 27.
f4 Bh6 28. g4 Bg7 29. h4 Rxe4 30. Bxe4 Qxe4 31. Qe1 Re3 32. Qf2 d3 33. Qg2 Qe7
34. Rbc1 Bd4 35. Kh1 Qxh4+ 0-1

[Event "Düsseldorfer SK 2 - SC Rochade Emsdett"]
[Site "NRW-Liga - Gruppe 1 2019/2020"]
[Date "2020.03.08"]
[Round "7.1"]
[White "Kabatianski, Alexander"]
[Black "Harff, Marcel"]
[Result "1/2-1/2"]
[WhiteElo "2308"]
[BlackElo "2335"]
[PlyCount "28"]
[EventDate "2020.??.??"]
[SourceVersionDate "2020.03.16"]
[WhiteTeam "SC Rochade Emsdetten 1"]
[BlackTeam "Düsseldorfer SK 2"]

1. d4 Nf6 2. c4 e6 3. g3 d5 4. Bg2 Nbd7 5. Nf3 dxc4 6. O-O a6 7. a4 Rb8 8. a5
Bd6 9. Nfd2 b5 10. axb6 Nxb6 11. Qc2 O-O 12. Nxc4 Nxc4 13. Qxc4 Rb4 14. Qd3 c5
1/2-1/2

[Event "Düsseldorfer SK 2 - SC Rochade Emsdett"]
[Site "NRW-Liga - Gruppe 1 2019/2020"]
[Date "2020.03.08"]
[Round "7.2"]
[White "Borngaesser, Rene"]
[Black "Lehmann, Holger"]
[Result "1-0"]
[WhiteElo "2258"]
[BlackElo "2170"]
[Annotator "Daniel"]
[PlyCount "61"]
[EventDate "2020.??.??"]
[SourceVersionDate "2020.03.16"]
[WhiteTeam "Düsseldorfer SK 2"]
[BlackTeam "SC Rochade Emsdetten 1"]

1. e4 c5 2. Nc3 a6 3. a4 e6 4. Bc4 Nc6 5. f4 Nge7 6. Nf3 d5 7. Ba2 dxe4 8. Nxe4
Nf5 9. O-O Be7 10. c3 h5 11. Qe2 Qc7 12. d3 b5 $11 13. Ne5 Nxe5 14. fxe5 Qc6
15. Rxf5 exf5 16. Nd6+ Kf8 17. Nxf7 Rh7 18. Bg5 c4 19. Bxe7+ Kxf7 20. Bg5 Be6
21. dxc4 bxa4 22. Rd1 Rb8 23. Qf2 Qe4 24. Bb1 Qg4 25. Qa7+ Kg6 26. Rd6 Rxb2 27.
Rxe6+ Kxg5 28. Qe3+ Kh4 29. Qe1+ Kg5 30. Qc1+ Qf4 31. h4+ 1-0

[Event "Düsseldorfer SK 2 - SC Rochade Emsdett"]
[Site "NRW-Liga - Gruppe 1 2019/2020"]
[Date "2020.03.08"]
[Round "7.3"]
[White "Hiller, Simon"]
[Black "Reinke, Markus"]
[Result "0-1"]
[WhiteElo "2141"]
[BlackElo "2195"]
[Annotator "Daniel"]
[PlyCount "60"]
[EventDate "2020.??.??"]
[SourceVersionDate "2020.03.16"]
[WhiteTeam "SC Rochade Emsdetten 1"]
[BlackTeam "Düsseldorfer SK 2"]

1. Nf3 Nf6 2. c4 g6 3. g3 Bg7 4. Bg2 O-O 5. O-O d6 6. d4 Nc6 7. Nc3 a6 8. d5
Na5 9. Nd2 c5 10. Qc2 Rb8 11. b3 b5 12. Rb1 e5 13. e4 Bh6 14. f4 exf4 15. gxf4
Ng4 16. Nf3 bxc4 17. bxc4 Rxb1 18. Nxb1 Re8 19. Re1 Bd7 20. Bd2 Bg7 21. Bc3
Bd4+ 22. Nxd4 cxd4 23. Bxa5 Qxa5 24. Qd2 Qc5 25. Qd3 Rb8 26. Nd2 Rb4 27. Bh3
$11 Rb2 28. Bxg4 Bxg4 29. Rb1 Qb6 30. Nb3 Be2 0-1

[Event "Düsseldorfer SK 2 - SC Rochade Emsdett"]
[Site "NRW-Liga - Gruppe 1 2019/2020"]
[Date "2020.03.08"]
[Round "7.4"]
[White "von Buenau, Heinrich"]
[Black "Paalman, Henk-Jan"]
[Result "1/2-1/2"]
[WhiteElo "2146"]
[BlackElo "2140"]
[PlyCount "55"]
[EventDate "2020.??.??"]
[SourceVersionDate "2020.03.16"]
[WhiteTeam "Düsseldorfer SK 2"]
[BlackTeam "SC Rochade Emsdetten 1"]

1. c4 Nf6 2. g3 c6 3. b3 d5 4. Bb2 Bf5 5. d3 e6 6. Nf3 Bc5 7. Nbd2 h6 8. Bg2
O-O 9. O-O Nbd7 10. Nd4 Bh7 11. Nc2 Qe7 12. Qc1 Rfe8 13. Ba3 Bxa3 14. Qxa3 Qd8
15. b4 a5 16. Rfb1 b6 17. Qb2 c5 18. bxc5 bxc5 19. Qa3 Qc7 20. Rb2 Reb8 21.
Rab1 Rxb2 22. Rxb2 Rb8 23. Rb3 Rxb3 24. axb3 d4 25. h3 e5 26. Qa4 Bf5 27. Kh2
Nb8 28. Qb5 1/2-1/2

[Event "Düsseldorfer SK 2 - SC Rochade Emsdett"]
[Site "NRW-Liga - Gruppe 1 2019/2020"]
[Date "2020.03.08"]
[Round "7.5"]
[White "Mueller, Achim"]
[Black "Berndt, Axel"]
[Result "1/2-1/2"]
[WhiteElo "2004"]
[BlackElo "2079"]
[PlyCount "55"]
[EventDate "2020.??.??"]
[SourceVersionDate "2020.03.16"]
[WhiteTeam "SC Rochade Emsdetten 1"]
[BlackTeam "Düsseldorfer SK 2"]

1. Nf3 Nf6 2. d4 e6 3. g3 b6 4. Bg2 Bb7 5. O-O c5 6. c4 cxd4 7. Qxd4 d6 8. Nc3
a6 9. Be3 Nbd7 10. Ng5 Bxg2 11. Kxg2 Qc7 12. f3 Be7 13. Rfd1 O-O 14. Rac1 Rfd8
15. b3 Qb7 16. Kg1 Nc5 17. b4 Ncd7 18. Nge4 Ne8 19. Na4 Rab8 20. c5 dxc5 21.
bxc5 Nxc5 22. Naxc5 bxc5 23. Qa4 Rxd1+ 24. Qxd1 Qb2 25. Rc2 Qa3 26. Kf2 c4 27.
Qd4 h6 28. Qxc4 1/2-1/2

[Event "Düsseldorfer SK 2 - SC Rochade Emsdett"]
[Site "NRW-Liga - Gruppe 1 2019/2020"]
[Date "2020.03.08"]
[Round "7.6"]
[White "Partenheimer, Axel"]
[Black "Lemli, Thomas"]
[Result "1/2-1/2"]
[WhiteElo "2083"]
[BlackElo "1966"]
[PlyCount "38"]
[EventDate "2020.??.??"]
[SourceVersionDate "2020.03.16"]
[WhiteTeam "Düsseldorfer SK 2"]
[BlackTeam "SC Rochade Emsdetten 1"]

1. c4 c6 2. Nf3 Nf6 3. e3 d5 4. Nc3 e6 5. d4 Nbd7 6. Qc2 Bd6 7. Bd3 O-O 8. O-O
dxc4 9. Bxc4 e5 10. h3 Qe7 11. Bb3 exd4 12. exd4 Nb6 13. Bg5 Qd8 14. Rfe1 Be7
15. Rad1 Nbd5 16. Re5 Be6 17. a3 Re8 18. Rde1 Nc7 19. Bxe6 Nxe6 1/2-1/2

[Event "Düsseldorfer SK 2 - SC Rochade Emsdett"]
[Site "NRW-Liga - Gruppe 1 2019/2020"]
[Date "2020.03.08"]
[Round "7.7"]
[White "Schelwokat, Peter"]
[Black "Lueckerath, Moritz"]
[Result "1/2-1/2"]
[WhiteElo "1860"]
[BlackElo "1947"]
[PlyCount "57"]
[EventDate "2020.??.??"]
[SourceVersionDate "2020.03.16"]
[WhiteTeam "SC Rochade Emsdetten 1"]
[BlackTeam "Düsseldorfer SK 2"]

1. d4 Nf6 2. Bf4 c5 3. e3 g6 4. Nc3 Bg7 5. Nf3 cxd4 6. exd4 d6 7. h3 O-O 8. Bc4
a6 9. a4 b6 10. O-O Bb7 11. Qe2 Nc6 12. Rad1 Nb4 13. Bb3 Rc8 14. Rfe1 e6 15.
Bh2 Nbd5 16. Nxd5 Nxd5 17. c3 Qd7 18. Ng5 Qc6 19. Qf3 Qd7 20. Ne4 Ba8 21. Bxd6
Rfe8 22. Be5 f5 23. Nd6 Nxc3 24. Qd3 Nxd1 25. Nxc8 Nxb2 26. Qc2 Rxc8 27. Qxb2
Bd5 28. Bxg7 Kxg7 29. Bxd5 1/2-1/2

[Event "Düsseldorfer SK 2 - SC Rochade Emsdett"]
[Site "NRW-Liga - Gruppe 1 2019/2020"]
[Date "2020.03.08"]
[Round "7.8"]
[White "Wiedenbruch, Paul"]
[Black "Delere, Adrian"]
[Result "1-0"]
[WhiteElo "1942"]
[BlackElo "1799"]
[PlyCount "73"]
[EventDate "2020.??.??"]
[SourceVersionDate "2020.03.16"]
[WhiteTeam "Düsseldorfer SK 2"]
[BlackTeam "SC Rochade Emsdetten 1"]

1. e4 e5 2. Nf3 Nc6 3. d4 exd4 4. Bc4 Nf6 5. e5 d5 6. Bb5 Ne4 7. Nxd4 Bd7 8.
Bxc6 Bxc6 9. O-O Qd7 10. f3 Nc5 11. Nc3 O-O-O 12. Be3 Ne6 13. f4 Bc5 14. f5
Nxd4 15. Bxd4 Bxd4+ 16. Qxd4 Kb8 17. Rae1 Rhg8 18. b4 b6 19. a4 Rde8 20. b5 Bb7
21. Ne4 Re7 22. Ng5 c5 23. bxc6 Qxc6 24. e6 f6 25. Qf4+ Ka8 26. Nf7 g6 27. Qd6
Qe8 28. Nh6 Rgg7 29. fxg6 Ba6 30. Rxf6 hxg6 31. Qf4 Qc6 32. Rf8+ Bc8 33. Qe5
Kb7 34. Nf7 Qc5+ 35. Kh1 Rxe6 36. Nd8+ Ka6 37. Nxe6 1-0

[Event "SV Kamen 1 - Klub Kölner SF 1"]
[Site "NRW-Liga - Gruppe 2 2019/2020"]
[Date "2019.10.13"]
[Round "2.1"]
[White "Morawietz, Dieter"]
[Black "Weidemann, Christian"]
[Result "1-0"]
[WhiteElo "2397"]
[BlackElo "2272"]
[PlyCount "81"]
[EventDate "2019.??.??"]
[SourceVersionDate "2020.03.16"]
[WhiteTeam "Klub Kölner SF 1"]
[BlackTeam "SV Kamen 1"]

1. e4 c5 2. Nf3 Nf6 3. e5 Nd5 4. d4 cxd4 5. Bc4 Nb6 6. Bb3 Nc6 7. O-O d5 8.
exd6 Qxd6 9. c3 Be6 10. Na3 dxc3 11. Nb5 Qxd1 12. Rxd1 Rc8 13. Bxe6 c2 14.
Bxf7+ Kxf7 15. Rd2 a6 16. Nc3 h6 17. Rxc2 g5 18. Be3 Nc4 19. Re1 Nb4 20. Rce2
Nxe3 21. fxe3 Bg7 22. Rf1 Kg6 23. Nd4 Rhf8 24. Rxf8 Rxf8 25. a3 Nc6 26. Nxc6
bxc6 27. Rc2 Kf5 28. Kf2 Bxc3 29. Rxc3 Ke4+ 30. Ke2 Rf6 31. Rc4+ Kd5 32. Rd4+
Kc5 33. Re4 e6 34. Re5+ Kc4 35. b4 Kb3 36. Ra5 c5 37. bxc5 e5 38. Kd3 g4 39.
Ke4 Rf2 40. c6 Rxg2 41. Rc5 1-0

[Event "SV Kamen 1 - Klub Kölner SF 1"]
[Site "NRW-Liga - Gruppe 2 2019/2020"]
[Date "2019.10.13"]
[Round "2.2"]
[White "Himmel, Hansjoerg"]
[Black "Helbig, Mark"]
[Result "0-1"]
[WhiteElo "2244"]
[BlackElo "2288"]
[PlyCount "86"]
[EventDate "2019.??.??"]
[SourceVersionDate "2020.03.16"]
[WhiteTeam "SV Kamen 1"]
[BlackTeam "Klub Kölner SF 1"]

1. d4 Nf6 2. Nf3 e6 3. Bf4 b6 4. e3 Be7 5. h3 O-O 6. Bd3 c5 7. O-O cxd4 8. exd4
Bb7 9. c3 d6 10. Qe2 Nbd7 11. Nbd2 Re8 12. Ba6 Bxa6 13. Qxa6 e5 14. dxe5 dxe5
15. Bh2 e4 16. Nd4 Nc5 17. Qe2 Bd6 18. Bxd6 Qxd6 19. Nc4 Qd7 20. Rad1 Rad8 21.
Rd2 Nd3 22. Ne3 h5 23. Rfd1 g6 24. Qf1 Qc7 25. Ne2 Kg7 26. c4 Nd7 27. Nc3 f5
28. Nb5 Qc5 29. b3 N7e5 30. Nc3 a6 31. Kh1 b5 32. Ne2 f4 33. Nxf4 bxc4 34. bxc4
Rd7 35. Nxd3 Nxd3 36. Qe2 Rf8 37. Qf1 Rdf7 38. Rxd3 exd3 39. Qxd3 Rxf2 40. Nd5
Kh7 41. Re1 R8f7 42. h4 Rxg2 43. Re5 Qg1# 0-1

[Event "SV Kamen 1 - Klub Kölner SF 1"]
[Site "NRW-Liga - Gruppe 2 2019/2020"]
[Date "2019.10.13"]
[Round "2.3"]
[White "Wacker, Peter"]
[Black "Luetke, Jens"]
[Result "1-0"]
[WhiteElo "2286"]
[BlackElo "2237"]
[PlyCount "89"]
[EventDate "2019.??.??"]
[SourceVersionDate "2020.03.16"]
[WhiteTeam "Klub Kölner SF 1"]
[BlackTeam "SV Kamen 1"]

1. e4 e5 2. Nf3 Nc6 3. Bb5 a6 4. Ba4 Nf6 5. d3 b5 6. Bb3 Bc5 7. Nc3 h6 8. Nd5
d6 9. c3 Nxd5 10. Bxd5 Bd7 11. d4 Bb6 12. O-O O-O 13. Re1 Qf6 14. Be3 Rab8 15.
dxe5 dxe5 16. Nd2 Ne7 17. Nf1 Rfd8 18. Qe2 Ng6 19. g3 Bh3 20. Rad1 Rd6 21. Bb3
Rbd8 22. Bxb6 Bxf1 23. Kxf1 Rxb6 24. a4 bxa4 25. Bxa4 Rbd6 26. b4 Qe6 27. Rxd6
Qh3+ 28. Kg1 Rxd6 29. Rd1 Nh4 30. f3 Rg6 31. Bd7 f5 32. exf5 Rxg3+ 33. hxg3
Qxg3+ 34. Kf1 Nxf3 35. Qf2 Qg4 36. Be6+ Kh7 37. Qg2 Nh2+ 38. Kf2 Qf4+ 39. Ke2
Ng4 40. Rd8 h5 41. Rd3 Qc1 42. f6 Nxf6 43. Bf5+ Kg8 44. Rd8+ Kf7 45. Qc6 1-0

[Event "SV Kamen 1 - Klub Kölner SF 1"]
[Site "NRW-Liga - Gruppe 2 2019/2020"]
[Date "2019.10.13"]
[Round "2.4"]
[White "Kleinegger, Frank"]
[Black "Bayer, Ernst-Wolfgang"]
[Result "0-1"]
[WhiteElo "2085"]
[BlackElo "2215"]
[PlyCount "64"]
[EventDate "2019.??.??"]
[SourceVersionDate "2020.03.16"]
[WhiteTeam "SV Kamen 1"]
[BlackTeam "Klub Kölner SF 1"]

1. Nf3 d5 2. e3 Nf6 3. c4 e6 4. b3 Be7 5. Bb2 O-O 6. g4 Nxg4 7. Rg1 Bf6 8. d4
Nh6 9. Nc3 c5 10. Qd2 cxd4 11. exd4 Nf5 12. O-O-O Nc6 13. Qf4 g6 14. h4 Bg7 15.
Kb1 Ncxd4 16. Nxd4 Nxd4 17. Nxd5 e5 18. Qg3 Bf5+ 19. Bd3 Ne2 20. Qh2 Bxd3+ 21.
Rxd3 Nxg1 22. Qxg1 Qxh4 23. Qg2 f5 24. Rh3 Qe4+ 25. Qxe4 fxe4 26. Ne7+ Kf7 27.
Rxh7 Rh8 28. Rxg7+ Kxg7 29. Bxe5+ Kf7 30. Bxh8 Rxh8 31. Nd5 Rh1+ 32. Kc2 Rh2
0-1

[Event "SV Kamen 1 - Klub Kölner SF 1"]
[Site "NRW-Liga - Gruppe 2 2019/2020"]
[Date "2019.10.13"]
[Round "2.5"]
[White "Bonnmann, Reinhard"]
[Black "Seepe, Udo"]
[Result "1/2-1/2"]
[WhiteElo "2194"]
[BlackElo "2047"]
[PlyCount "26"]
[EventDate "2019.??.??"]
[SourceVersionDate "2020.03.16"]
[WhiteTeam "Klub Kölner SF 1"]
[BlackTeam "SV Kamen 1"]

1. d4 d5 2. c4 c6 3. Nf3 Nf6 4. e3 g6 5. Nc3 Bg7 6. Bd3 O-O 7. O-O a6 8. a3 b5
9. cxb5 cxb5 10. Qb3 Nc6 11. Ne5 Nxe5 12. dxe5 Ng4 13. Qxd5 Be6 1/2-1/2

[Event "SV Kamen 1 - Klub Kölner SF 1"]
[Site "NRW-Liga - Gruppe 2 2019/2020"]
[Date "2019.10.13"]
[Round "2.6"]
[White "Rumpf, Thomas"]
[Black "Wisskirchen, Andreas"]
[Result "1/2-1/2"]
[WhiteElo "2030"]
[BlackElo "2196"]
[PlyCount "56"]
[EventDate "2019.??.??"]
[SourceVersionDate "2020.03.16"]
[WhiteTeam "SV Kamen 1"]
[BlackTeam "Klub Kölner SF 1"]

1. e4 c5 2. c3 d6 3. d4 Nf6 4. Bd3 Nc6 5. Nf3 cxd4 6. cxd4 g6 7. O-O Bg7 8. h3
O-O 9. Re1 e5 10. d5 Ne7 11. Nc3 a6 12. a4 Nd7 13. b4 f5 14. Ba3 Nf6 15. b5
fxe4 16. Nxe4 Nxe4 17. Bxe4 axb5 18. axb5 Nf5 19. Bb4 Rxa1 20. Qxa1 Qb6 21. Qa5
Qxa5 22. Bxa5 Bd7 23. b6 Ra8 24. Bb4 Bf8 25. g4 Nd4 26. Nxd4 exd4 27. Bd3 Ra4
28. Rb1 Kf7 1/2-1/2

[Event "SV Kamen 1 - Klub Kölner SF 1"]
[Site "NRW-Liga - Gruppe 2 2019/2020"]
[Date "2019.10.13"]
[Round "2.7"]
[White "Schmidt, Martin"]
[Black "Kilian, Ralf"]
[Result "0-1"]
[WhiteElo "2189"]
[BlackElo "2041"]
[PlyCount "114"]
[EventDate "2019.??.??"]
[SourceVersionDate "2020.03.16"]
[WhiteTeam "Klub Kölner SF 1"]
[BlackTeam "SV Kamen 1"]

1. e4 e6 2. d3 c5 3. Be2 Nc6 4. c3 d5 5. Nd2 g6 6. Ngf3 Bg7 7. O-O Nge7 8. exd5
exd5 9. Nb3 b6 10. d4 c4 11. Nbd2 O-O 12. b3 b5 13. a4 b4 14. cxb4 Nxd4 15.
Nxd4 Bxd4 16. Ra2 c3 17. Nf3 Bg7 18. Be3 Qc7 19. Nd4 Nf5 20. Nxf5 Bxf5 21. Qxd5
Be6 22. Qc5 Qxc5 23. Bxc5 Rfd8 24. Bc4 Bf5 25. Rc1 Rd2 26. Rxd2 cxd2 27. Rd1
Bc3 28. Be3 Bc2 29. Rxd2 Bxd2 30. Bxd2 Rd8 31. Be1 Rd1 32. Kf1 Bd3+ 33. Bxd3
Rxd3 34. Ke2 Rxb3 35. Bd2 Ra3 36. a5 a6 37. Kd1 Rd3 38. Kc2 Rd5 39. Kc3 Kf8 40.
Be3 Ke7 41. h4 Kd6 42. Kc4 Kc6 43. Bd4 Rd8 44. g3 Re8 45. Bc5 Re4+ 46. Kd3 Rxh4
47. Kc3 Kb5 48. Bd6 Rc4+ 49. Kb3 Rd4 50. Bf8 Rd3+ 51. Kc2 Rf3 52. Bc5 Ra3 53.
Kb2 Rxa5 54. Bf8 Ra4 55. Kc3 Ra3+ 56. Kd4 Rf3 57. Ke4 Rxf2 0-1

[Event "SV Kamen 1 - Klub Kölner SF 1"]
[Site "NRW-Liga - Gruppe 2 2019/2020"]
[Date "2019.10.13"]
[Round "2.8"]
[White "Georg, Heinz"]
[Black "Meertens, Martin"]
[Result "0-1"]
[WhiteElo "2102"]
[BlackElo "2171"]
[PlyCount "64"]
[EventDate "2019.??.??"]
[SourceVersionDate "2020.03.16"]
[WhiteTeam "SV Kamen 1"]
[BlackTeam "Klub Kölner SF 1"]

1. e4 c5 2. Nf3 d6 3. b4 cxb4 4. d4 Nf6 5. Bd3 e6 6. a3 Nc6 7. O-O Be7 8. axb4
Nxb4 9. Bb5+ Bd7 10. Bxd7+ Nxd7 11. Ba3 Nc6 12. c4 O-O 13. Nbd2 Rc8 14. Qe2 Re8
15. Rfb1 Qc7 16. h3 h6 17. Ra2 e5 18. dxe5 dxe5 19. Bxe7 Rxe7 20. Nh4 Nc5 21.
Nf5 Re6 22. Ra3 b6 23. Rg3 Rg6 24. Rxg6 fxg6 25. Ne3 Qd7 26. Nd5 Nd4 27. Qe3
Nce6 28. Kh1 Kh7 29. Qg3 Qd6 30. Ra1 Ra8 31. Qa3 Nc5 32. Qb4 Nc2 0-1

[Event "Kölner SK Dr. Lasker 1 - SVG Alsdorf 1"]
[Site "NRW-Liga - Gruppe 2 2019/2020"]
[Date "2019.10.13"]
[Round "2.1"]
[White "Abolianin, Arthur"]
[Black "Paris, Michael"]
[Result "1/2-1/2"]
[WhiteElo "2265"]
[BlackElo "2173"]
[Annotator "Daniel"]
[PlyCount "101"]
[EventDate "2019.??.??"]
[SourceVersionDate "2020.03.16"]
[WhiteTeam "SVG Alsdorf 1"]
[BlackTeam "Kölner SK Dr. Lasker 1"]

1. g3 d5 2. Bg2 e5 3. Nf3 Nc6 4. d4 e4 5. Ne5 Nce7 6. f3 f6 7. Ng4 Bxg4 8. fxg4
Qd7 9. c4 c6 10. cxd5 Nxd5 11. Qb3 O-O-O 12. Nc3 Qxg4 13. Nxe4 Bb4+ 14. Kf1 Qe6
15. Nf2 Qe7 16. e4 Nc7 17. Be3 Kb8 18. Rc1 Ba5 19. Rxc6 Bb6 20. Rxb6 axb6 21.
d5 b5 22. Qc3 Qd6 23. Nd3 Ne7 24. Nc5 g5 25. Kf2 Ng6 26. Bh3 Ne5 27. Bf5 Nc4
28. Rd1 Nxe3 29. Qxe3 Rhe8 30. Qd4 h5 31. b4 h4 32. Kf3 Re5 33. Nd3 Rxf5+ 34.
exf5 Qxd5+ 35. Qxd5 Rxd5 $11 36. Ke4 hxg3 37. hxg3 Rd8 38. Nf2 Re8+ 39. Kf3 Re5
40. Ng4 Rd5 41. Rxd5 Nxd5 42. Ke4 Nc3+ 43. Kd3 Nxa2 44. Nxf6 Nxb4+ 45. Ke4 Nc6
46. Nh7 Kc8 47. f6 Nd8 48. Nxg5 Kd7 49. g4 b4 50. Nf3 b3 51. Kd3 1/2-1/2

[Event "Kölner SK Dr. Lasker 1 - SVG Alsdorf 1"]
[Site "NRW-Liga - Gruppe 2 2019/2020"]
[Date "2019.10.13"]
[Round "2.2"]
[White "Bussard, Christian"]
[Black "Deleyn, Gunter"]
[Result "1/2-1/2"]
[WhiteElo "2231"]
[BlackElo "2166"]
[Annotator "Daniel"]
[PlyCount "59"]
[EventDate "2019.??.??"]
[SourceVersionDate "2020.03.16"]
[WhiteTeam "Kölner SK Dr. Lasker 1"]
[BlackTeam "SVG Alsdorf 1"]

1. d4 Nf6 2. Bg5 Ne4 3. Bf4 c5 4. f3 Nf6 5. d5 e6 6. e4 d6 7. Bb5+ Bd7 8. Bxd7+
Qxd7 9. c4 e5 10. Be3 b5 11. b3 g6 12. Ne2 Bg7 13. Nbc3 b4 14. Na4 O-O 15. Qd2
Na6 16. g4 Nxg4 17. fxg4 Qxg4 18. Ng3 f5 19. Qe2 Qxe2+ 20. Nxe2 f4 21. Bf2 Bf6
22. Rg1 Rf7 23. Nb2 Rg7 24. h4 h6 25. h5 g5 26. Rg4 Rb7 27. Nd3 Be7 28. O-O-O
Kf7 29. Kc2 Kf6 30. Rdg1 {Rest nicht nachvollziehbar!} 1/2-1/2